LEADER 01671nam a2200325 u 4500 001 000000109189 003 CaOOAMICUS 005 20080123122104.0 008 080123s2006 it u000 u ita u 020 $a88-495-1380-1 040 $aPUL$bita$dBc 245 00$aDiritto amministrativo e Corte costituzionale /$ca cura di Giacinto Della Cananea e Marco Dugato. 260 $aNapoli :$bEdizioni scientifiche italiane,$cc2006. 300 $axiv, 622 p. ;$c25 cm. 490 1 $aCinquanta anni della Corte costituzionale della Repubblica italiana ;$v21. 500 $aSul front.: Associazione italiana dei professori di diritto amministrativo. 504 $aInclude riferimenti bibliografici 610 14$aItalia.$bCorte costituzionale.$0(OLS)http://pul/subject/2393 650 4$aGiurisprudenza costituzionale.$0(OLS)http://pul/subject/20469 650 4$aAmministrazione pubblica$zItalia.$0(OLS)http://pul/subject/18070 700 1 $aDella Cananea, Giacinto.$0(OLS)http://pul/name/66865 700 1 $aDugato, Marco.$0(OLS)http://pul/name/66866 830 0$aCinquanta anni della Corte costituzionale della Repubblica italiana ;$v21.$0(OLS)http://pul/title/135471 850 $aPUL 852 $aPUL$W1$xSL Diritto e Scienze Sociali 3$y79$m342. 45 CORTE 1.21$j124764$av. 21$qDDC 21$B123510$CPULBib$Z2$F123510 $H106194 $82 941 1 $a9 960 $aCorte costituzionale (Italia)$92393 996 $6020$a88-495-1380-1$9(OLS)http://pul/number/136804 996 $6245$aDiritto amministrativo e Corte costituzionale$9(OLS)http://pul/title/137368 996 $6260$aNapoli :$bEdizioni scientifiche italiane$9(OLS)http://pul/publisher/48388 LEADER 01487nam a2200301 a 4500 001 000000170371 003 CaOOAMICUS 005 20181109114951.0 008 181109s2018 gw fc u001 u eng r 020 $z9783161559099* 032 $aLibriCat 040 $aPUL$bita 245 04$aThe Church and its mission in the New Testament and Early Christianity : $bessays in memory of Hans Kvalbein / $cedited by David E. Aune and Reidar Hvalvik . 260 $aTübingen :$bMohr Siebeck,$cİ2018. 300 $aVI, 349 p., 1 carta di tav. : $britr. ; $c24 cm. 490 1 $aWissenschaftliche Untersuchungen zum Neuen Testament ;$v404 504 $aInclude riferimenti bibliografici e indici. 600 14$aKvalbein, Hans,$d1942-2013.$0(OLS)http://pul/subject/45721 700 1 $aAune, David Edward.$0(OLS)http://pul/name/24911 700 1 $aHvalvik, Reidar.$0(OLS)http://pul/name/23290 830 0$aWissenschaftliche Untersuchungen zum Neuen Testament ;$v404.$0(OLS)http://pul/title/8628 850 $aPUL 852 $aPUL$W1$xSL Religione 1$y3$m16 H 404$j193269$qStampati$B198659$CPULBib$Z2$F198659 $H131570 $81 941 1 $a8 996 $6020$z9783161559099*$9(OLS)http://pul/number/165229 996 $6245$aThe Church and its mission in the New Testament and Early Christianity : $bessays in memory of Hans Kvalbein / $9(OLS)http://pul/title/211128 996 $6260$aTübingen :$bMohr Siebeck$9(OLS)http://pul/publisher/52004